000 00363nam a22001337a 4500
020 _a978052136374
082 _222
_a428.1
100 _aMcCarthy, Michael and O'Dell Felicity.
245 _aEnglish vocabulary in use :
_badvanced /
250 _aNA
260 _aNew Delhi,
_bCombridge University,
_cc2008.
300 _a315 p. ;
_bill. ;
_c24 cm
942 _2ddc
_cBK
_01
999 _c3420
_d3420